000 00641cab a2200217 4500
001 WB2914-03
008 090401t1993 xxu||||| |||| 00| 0 eng d
035 _a(Sirsi) u89659
041 _aeng
245 _aFee cutting
260 _c1993
350 _a0
490 _aCSW - The Property Week
_v43(2) 8 April 1993, 58(1)
520 _aWarns clients to check out low fee quotations to ascertain whether a quality service can be expected for such a fee.
650 _aFEE TENDERING
650 _aLOW FEE TENDERERS
650 _aTENDERING
690 _aBUILT ENVIRONMENT-BUILDING CONTRACT FORMS
942 _n0
948 _c04/03/1997
999 _c56756
_d56756